000 01380nam0a22002651 4500
001 rc\407016
005 20030616165927.8
010 _a5-283-02028-2
_91000
035 _a(NLR Aleph) 005655344
090 _a6815749
_c6815749
100 _a20030616d1988 u |0rusy50 ca
101 0 _arus
102 _aRU
105 _aa |||||||||
200 1 _aАвтоматизированное проектирование математического и информационного обеспечения АСУТП
_eСб. науч. тр.
_fМ-во приборостроения, средств автоматизации и систем управления, Гл. упр. по разраб. и поставке автоматизир. систем управления технол. процессами и пр-вами, Науч.-произв. об-ние "ЦНИИКА"
_g[Редкол.: С.М. Резник, В.М. Рущинский (отв. редакторы) и др.]
210 _aМ.
_cЭнергоатомиздат
_d1988
215 _a50 с.
_cил.
_d29
320 _aБиблиогр. в конце ст.
702 1 _aРезник
_bС. М.
_4340
712 0 2 _a"ЦНИИКА", науч.-произв. об-ние
_cМосква
_3RU\NLR\AUTH\889936458
801 0 _aRU
_bNLR
_gpsbo
801 1 _aRU
_bELAR
_2rusmarc
852 _aNLR
_j88-8/597
942 _cBOOK
980 _aNB